Young writers guide (Record no. 94475)

MARC details
000 -LEADER
fixed length control field 00274nam a2200097Ia 4500
082 ## - DEWEY DECIMAL CLASSIFICATION NUMBER
Classification number T 808.042 MART
008 - FIXED-LENGTH DATA ELEMENTS--GENERAL INFORMATION
fixed length control field 210816s9999 xx 000 0 und d
100 ## - MAIN ENTRY--PERSONAL NAME
Personal name MARTIN, R D Flinders Park, Australia, 2004 3rd ed
9 (RLIN) 23421
245 #0 - TITLE STATEMENT
Title Young writers guide
942 ## - ADDED ENTRY ELEMENTS
item type Books
Holdings
Withdrawn status Lost status Damaged status Not for loan Home library Current library Date acquired Cost, normal purchase price Total Checkouts Barcode Date last seen Price effective from item type
        Mafemani Mafemani 17.08.2021 300.00   33228017961457 17.08.2021 17.08.2021 Books